Catálogo público

Biochemistry / (Record no. 175179)

MARC details
000 -CABECERA
campo de control de longitud fija 00741nam a2200265Ia 4500
001 - NÚMERO DE CONTROL
campo de control dia_4521
003 - IDENTIFICADOR DEL NÚMERO DE CONTROL
campo de control CHAP
005 - FECHA Y HORA DE LA ÚLTIMA TRANSACCIÓN
campo de control 20240202125034.0
008 - DATOS DE LONGITUD FIJA--INFORMACIÓN GENERAL
campo de control de longitud fija 220117s xx 000 0 und d
010 ## - NÚMERO DE CONTROL DE LA BIBLIOTECA DEL CONGRESO
Número de control de LC 175179
040 ## - FUENTE DE LA CATALOGACIÓN
Centro/agencia transcriptor CHAP
082 ## - NÚMERO DE LA CLASIFICACIÓN DECIMAL DEWEY
Número de clasificación 574.192 B4
100 ## - ENTRADA PRINCIPAL--NOMBRE DE PERSONA
Nombre de persona Berg Jeremy Mark
9 (RLIN) 156097
245 ## - MENCIÓN DE TÍTULO
Título Biochemistry /
Mención de responsabilidad, etc. By Jaremy Mark Berg, John L Tymoczko,Lubert Stryer.
250 ## - MENCIÓN DE EDICIÓN
Mención de edición 6° Ed
260 ## - PUBLICACIÓN, DISTRIBUCIÓN, ETC.
Lugar de publicación, distribución, etc. Wh Freeman And Company
Fecha de publicación, distribución, etc.
300 ## - DESCRIPCIÓN FÍSICA
Extensión 1026 P.
500 ## - NOTA GENERAL
Nota general I. 235329
503 ## - NOTA DE HISTORIA BIBLIOGRÁFICA (BK CF MU) [OBSOLETO]
Nota de historia bibliográfica ( Include Biographical Reference And Index )
650 ## - PUNTO DE ACCESO ADICIONAL DE MATERIA--TÉRMINO DE MATERIA
Término de materia o nombre geográfico como elemento de entrada 1.
Subdivisión general Bioquimica
9 (RLIN) 156098
901 ## - ELEMENTOS DE DATOS A LOCAL LDA (RLIN)
a 574.192 B4
902 ## - ELEMENTOS DE DATOS B LOCAL, LDB (RLIN)
a M
905 ## - ELEMENTOS DE DATOS E LOCAL, LDE (RLIN)
a 000000 2007 A M 0000000000ENG00
942 ## - ELEMENTOS DE PUNTO DE ACCESO ADICIONAL (KOHA)
Tipo de ítem Koha Libro
Fuente del sistema de clasificación o colocación Dewey Decimal Classification
Holdings
Estado de retiro Estado de pérdida Fuente del sistema de clasificación o colocación Estado dañado No para préstamo Código de colección Localización permanente Ubicación/localización actual Fecha de adquisición Información codificada de la localización en otra ubicación Total de préstamos Signatura topográfica completa Código de barras Fecha visto por última vez Número de copia Precio válido a partir de Tipo de ítem Koha
    Dewey Decimal Classification     General Ingenieria Agroindustrial Ingenieria Agroindustrial 18/01/2022 1   574.192 B4 dia_6316 18/01/2022 1 18/01/2022 Libro